| 000 | 01555nam a2200373 a 4500 | ||
|---|---|---|---|
| 001 | ebr10271422 | ||
| 003 | CaPaEBR | ||
| 006 | m u | ||
| 007 | cr cn||||||||| | ||
| 008 | 041123s2005 enk sb 001 0 eng | ||
| 010 | _z 2004027969 | ||
| 020 | _z0198150652 (acid-free paper) | ||
| 020 | _z019927701X (pbk. : acid-free paper) | ||
| 040 |
_aCaPaEBR _cCaPaEBR |
||
| 035 | _a(OCoLC)252698406 | ||
| 041 | 1 |
_aeng _hgrc |
|
| 050 | 1 | 4 |
_aQP29 _b.P6813 2005eb |
| 082 | 0 | 4 |
_a610 _222 |
| 100 | 0 |
_aPliny, _cthe Elder. |
|
| 240 | 1 | 0 |
_aNaturalis historia. _nLiber 7. _lEnglish |
| 245 | 1 | 4 |
_aThe elder Pliny on the human animal _h[electronic resource] : _bNatural history, book 7 / _ctranslated with introduction and historical commentary by Mary Beagon. |
| 260 |
_aOxford [England] : _bClarendon Press ; _aNew York : _bOxford University Press, _cc2005. |
||
| 300 | _axx, 515 p. | ||
| 490 | 1 | _aClarendon ancient history series | |
| 504 | _aIncludes bibliographical references (p. [473]-498) and index. | ||
| 533 |
_aElectronic reproduction. _bPalo Alto, Calif. : _cebrary, _d2013. _nAvailable via World Wide Web. _nAccess may be limited to ebrary affiliated libraries. |
||
| 650 | 0 |
_aHuman physiology _vEarly works to 1800. |
|
| 650 | 0 | _aMedicine, Greek and Roman. | |
| 655 | 7 |
_aElectronic books. _2local |
|
| 700 | 1 | _aBeagon, Mary. | |
| 710 | 2 | _aebrary, Inc. | |
| 830 | 0 | _aClarendon ancient history series. | |
| 856 | 4 | 0 |
_uhttp://site.ebrary.com/lib/rucke/Doc?id=10271422 _zAn electronic book accessible through the World Wide Web; click to view |
| 999 |
_c7298 _d7298 |
||